000 00703nam a2200181Ia 4500
008 100920s9999 xx 000 0 und d
082 _b104868
_a891.43 न 06
100 _aकोहली नरेंद्र.
245 _aमेरी प्रतिनिधी व्यंग रचनाएँ.
260 _bभावना प्रकाशन,दिल्ली.
_c2006
300 _a271
_bसाधी
365 _b250
520 _aहिंदी.
630 _aमेरी प्रतिनिधी व्यंग रचनाएँ.
650 _aहिंदी.
730 _aमेरी प्रतिनिधी व्यंग रचनाएँ.
942 _cBOOK
999 _c745299
_d745296